00592nam a2200181Ia 4500003000900000008004100009020001800050040001600068080002300084100002200107245012100129260003700250300001400287490005100301650002000352650002000372650001800392IN-BaIIA211028s9999 xx 000 0 eng d a0-7923-2793-4 cIIA Library a52(082.2)bASS-189 aStenflo, Jan Olof 0aSolar magnetic fieldsbpolarized radiation diagnosticscJan Olof Stenflo  aDordrechtbKluwer Academicc1994 axv, 385p. aAstrophysics and space science library; v. 189 aMagnetic fields aSolar magnetism aSolar physics